Catalog

Record Details

Catalog Search



Taneční činnosti v předškolním vzdělávání  Cover Image Book Book

Taneční činnosti v předškolním vzdělávání / Václava Brettschneiderová, Markéta Kubecová

Summary:

Metodická pomůcka pedagogů s letitými zkušenostmi v tanečním vzdělávání nabízí praktické postupy nácviku jednotlivých tanečních cvičení pro děti předškolního věku. Publikace je určena pedagogům mateřských škol, pedagogům tance, asistentům, studentům předškolní pedagogiky, pedagogům mimoškolního vzdělávání i rodičům dětí předškolního věku. Pomáhá s vhodným výběrem repertoáru, hudby, kostýmů i rekvizit. Nabízí bohatý výběr pohybových her a drobných choreografií. Je inspirací pro mnoho tanečních aktivit, ve výběru zohledňuje věk i anatomické možnosti dětí. Uvádí přesný metodický postup jednotlivých tanců, seznam konkrétních písní vhodných pro taneční činnosti, v některých případech jsou uvedeny melodické linky. Text doplňují černobílé fotografie, seznam doporučené literatury a krátké medailonky autorek.

Record details

  • ISBN: 978-80-7496-386-5
  • Physical Description: 169 stran : ilustrace, noty ; 21 cm
  • Edition: 1. vydání
  • Publisher: Praha : Raabe, [2018]

Content descriptions

Bibliography, etc. Note:
Obsahuje bibliografii a bibliografické odkazy
Subject: předškolní výchova
taneční výchova
taneční hry
Genre: metodické příručky

Available copies

  • 1 of 1 copy available at Common Catalog SPOK.

Holds

  • 0 current holds with 1 total copy.
Show Only Available Copies
Location Call Number / Copy Notes Barcode Shelving Location Status Due Date
Jabok Library Ped-3.5.1/B 424480044566 Odborná literatura Available -

LDR 03585nam a2200745 i 4500
00150736
003CZ-PrJAB
00520220331073000.0
007ta
008190104t20182018xr ag e f 000 0 cze
015 . ‡acnb003065997
020 . ‡a978-80-7496-386-5 ‡q(brožováno)
035 . ‡a(CZ PrSKC)nkc20193065997
040 . ‡aBOA001 ‡bcze ‡erda
072 7. ‡a373.2/.3 ‡xPředškolní a primární výchova a vzdělávání ‡2Konspekt ‡922
080 . ‡a373.2 ‡2MRF
080 . ‡a793.3:37.016 ‡2MRF
080 . ‡a796.13 ‡2MRF
080 . ‡a(072) ‡2MRF
1001 . ‡aBrettschneiderová, Václava ‡7mzk20191020810 ‡4aut
24510. ‡aTaneční činnosti v předškolním vzdělávání / ‡cVáclava Brettschneiderová, Markéta Kubecová
250 . ‡a1. vydání
264 1. ‡aPraha : ‡bRaabe, ‡c[2018]
264 4. ‡c©2018
300 . ‡a169 stran : ‡bilustrace, noty ; ‡c21 cm
336 . ‡atext ‡btxt ‡2rdacontent
337 . ‡abez média ‡bn ‡2rdamedia
338 . ‡asvazek ‡bnc ‡2rdacarrier
4901 . ‡aKomplexní metodiky jednotlivých oblastí předškolního vzdělávání
504 . ‡aObsahuje bibliografii a bibliografické odkazy
520 . ‡aMetodická pomůcka pedagogů s letitými zkušenostmi v tanečním vzdělávání nabízí praktické postupy nácviku jednotlivých tanečních cvičení pro děti předškolního věku. ‡bPublikace je určena pedagogům mateřských škol, pedagogům tance, asistentům, studentům předškolní pedagogiky, pedagogům mimoškolního vzdělávání i rodičům dětí předškolního věku. Pomáhá s vhodným výběrem repertoáru, hudby, kostýmů i rekvizit. Nabízí bohatý výběr pohybových her a drobných choreografií. Je inspirací pro mnoho tanečních aktivit, ve výběru zohledňuje věk i anatomické možnosti dětí. Uvádí přesný metodický postup jednotlivých tanců, seznam konkrétních písní vhodných pro taneční činnosti, v některých případech jsou uvedeny melodické linky. Text doplňují černobílé fotografie, seznam doporučené literatury a krátké medailonky autorek.
65007. ‡apředškolní výchova ‡7ph124887 ‡2czenas
65007. ‡ataneční výchova ‡7ph276423 ‡2czenas
65007. ‡ataneční hry ‡7ph126435 ‡2czenas
655 7. ‡ametodické příručky ‡7fd132826 ‡2czenas
7001 . ‡aKubecová, Markéta ‡7hka2015894500 ‡4aut
830 0. ‡aKomplexní metodiky jednotlivých oblastí předškolního vzdělávání
910 . ‡aABG312
995 . ‡aska
901 . ‡a50736 ‡bAUTOGEN ‡c50736 ‡tbiblio

Additional Resources